Little book of external debt 2006 (Record no. 81068)
[ view plain ]
| 000 -LEADER | |
|---|---|
| fixed length control field | 00959nam a2200265Ia 4500 |
| 245 00 - TITLE STATEMENT | |
| Title | Little book of external debt 2006 |
| 260 ## - PUBLICATION, DISTRIBUTION, ETC. (IMPRINT) | |
| Place of publication | Washington, D.C. : |
| Name of publisher | World Bank, |
| Year of publication | 2006. |
| 300 ## - PHYSICAL DESCRIPTION | |
| Number of Pages | 158 p. |
| 650 #0 - SUBJECT ADDED ENTRY--TOPICAL TERM | |
| Topical Term | Debts, External. |
| Topical Term | Economic history. |
| 856 40 - ELECTRONIC LOCATION AND ACCESS | |
| Uniform Resource Identifier | http://site.ebrary.com/lib/rucke/Doc?id=10126093 |
No items available.
